Statistics for 250 Or More Receiving Yards in a Game

Click here to take the quiz!

General Stats

  • This quiz has been taken 24 times
  • The average score is 14 of 27

Answer Stats

YardsReceiverYearNFL Team% Correct
273Andre Johnson2012Houston Texans
100%
329Calvin Johnson2013Detroit Lions
100%
260Chad Johnson2006Cincinatti Bengals
100%
289Jerry Rice1995San Francisco 49ers
100%
284Antonio Brown2015Pittsburgh Steelers
90%
261Josh Gordon2013Cleveland Browns
90%
259Julio Jones2014Atlanta Falcons
90%
291Jimmy Smith2000Jacksonville Jaguars
86%
283Terrell Owens2000San Francisco 49ers
86%
286John Taylor1989San Francisco 49ers
71%
261Steve Largent1987Seattle Seahawks
71%
336Flipper Anderson1989Los Angeles Rams
67%
250Miles Austin2009Dallas Cowboys
52%
265Lee Evans2006Buffalo Bills
48%
253Plaxico Burress2002Pittsburgh Steelers
48%
309Stephone Paige1985Kansas City Chiefs
38%
253Brian Hartline2012Miami Dolphins
29%
272Charley Hennigan1961Houston Oilers
29%
260Wes Chandler1982San Diego Chargers
29%
258Qadry Ismail1999Baltimore Ravens
24%
269Del Shofner1962New York Giants
19%
255Anthony Allen1987Washington Redskins
14%
257Billy Howton1956Green Bay Packers
14%
256Sonny Randle1962St. Louis Cardinals
14%
302Cloyce Box1950Detroit Lions
10%
255Jerry Butler1979Buffalo Bills
10%
303Jim Benton1945Cleveland Browns
10%

Score Distribution

Percentile by Number Answered

Percent of People with Each Score

Your Score History

You have not taken this quiz